Introduction to materials science (Record no. 544977)

000 -LEADER
fixed length control field 00662cam a2200169 4500
020 ## - INTERNATIONAL STANDARD BOOK NUMBER
International Standard Book Number 0070253102
082 00 - DEWEY DECIMAL CLASSIFICATION NUMBER
Classification number 620.11
Author Mark GUY
-- L-21, P-71
100 1# - MAIN ENTRY--PERSONAL NAME
Personal name Guy, Albert G.
9 (RLIN) 40720
245 10 - TITLE STATEMENT
Title Introduction to materials science
Statement of responsibility, etc. [by] A. G. Guy. With the collaboration of M. E. Bever, L. L. Hench [and] A. Peterlin on topics involving metallurgy, ceramics, and polymers, respectively.
260 ## - PUBLICATION, DISTRIBUTION, ETC.
Place of publication, distribution, etc. New York,
Name of publisher, distributor, etc. McGraw-Hill
Date of publication, distribution, etc. [1972]
300 ## - PHYSICAL DESCRIPTION
Extent xix, 604 p.
Other physical details illus.
Dimensions 23 cm.
490 0# - SERIES STATEMENT
Series statement McGraw-Hill series in materials science and engineering
526 ## - STUDY PROGRAM INFORMATION NOTE
Program name 0
Interest level 0
Reading level 0
Title point value 620_110000000000000_GUY
650 #0 - SUBJECT ADDED ENTRY--TOPICAL TERM
Topical term or geographic name entry element Materials.
9 (RLIN) 1466
650 #0 - SUBJECT ADDED ENTRY--TOPICAL TERM
Topical term or geographic name entry element MCE
9 (RLIN) 379
942 ## - ADDED ENTRY ELEMENTS (KOHA)
Source of classification or shelving scheme
Koha item type Book
Holdings
Withdrawn status Lost status Source of classification or shelving scheme Damaged status Not for loan Permanent Location Current Location Date acquired Total Checkouts Full call number Barcode Date last seen Price effective from Koha item type
          Military College of Engineering (MCE) Military College of Engineering (MCE) 05/15/2014   620.11 GUY MCE-15869 05/15/2014 05/15/2014 Book
© 2023 Central Library, National University of Sciences and Technology. All Rights Reserved.